000
00204 a2200097 4500
001
9068
090
_c
7247
_d
7247
100
_a
Cowper, W
245
_a
Cowper poetry and prose (Transfered to SOA)
260
_b
Oxford
942
_a
NUST-CAE
999
_c
244141
_d
244141